Estadísticas para Banderas de Europa

Haz click aquí para tomar la prueba!

Estadísticas generales

  • Esta prueba ha sido tomada 17.366 veces
  • La puntuación promedio es 39 de 45

Estadísticas de respuestas

Respuesta% Correcto
Reino Unido
100%
Alemania
99%
España
99%
Francia
98%
Grecia
98%
Portugal
98%
Italia
97%
Suecia
97%
Finlandia
96%
Noruega
96%
Irlanda
95%
Rusia
95%
Suiza
95%
Bélgica
93%
Dinamarca
92%
Países Bajos
92%
Ucrania
92%
Islandia
91%
Polonia
91%
Ciudad del Vaticano
89%
Albania
88%
Croacia
88%
Macedonia del Norte
88%
República Checa
86%
Rumania
86%
Austria
85%
San Marino
83%
Andorra
82%
Hungría
82%
Malta
82%
Luxemburgo
81%
Estonia
80%
Bulgaria
79%
Serbia
79%
Eslovaquia
78%
Eslovenia
77%
Bosnia y Herzegovina
76%
Mónaco
76%
Kosovo
75%
Letonia
75%
Lituania
75%
Bielorrusia
73%
Moldavia
72%
Montenegro
72%
Liechtenstein
68%

Distribución de puntuación

Porcentaje por número respondido

Porcentaje de gente con cada puntuación

Historial de tus puntuaciones

No has tomado esta prueba